警察 階級クイズ - Statistics

General Stats
  • This quiz has been taken 135 times
  • The average score is 7 of 9
Answer Stats
答え % Correct
警部
95%
警視
93%
巡査
91%
警部補
88%
警視総監
85%
巡査部長
82%
警視正
70%
警視監
45%
警視長
38%
No matching quizzes found
Score Distribution
Percent of People with Each Score
Percentile by Number Answered
Your Score History
You have not taken this quiz